BRAZEN CHARIOTS AN ACCOUNTS OF TANK WARFARE IN THE WESTERN DESERT NOVEMBER-DECEMBER 1941 (Record no. 582912)

000 -LEADER
fixed length control field 00314nam a22001097a 4500
082 ## - DEWEY DECIMAL CLASSIFICATION NUMBER
Classification number 355.02 CRI'B
100 ## - MAIN ENTRY--PERSONAL NAME
Personal name CRISP, ROBERT
9 (RLIN) 48939
245 ## - TITLE STATEMENT
Title BRAZEN CHARIOTS AN ACCOUNTS OF TANK WARFARE IN THE WESTERN DESERT NOVEMBER-DECEMBER 1941
260 ## - PUBLICATION, DISTRIBUTION, ETC.
Place of publication, distribution, etc. LONDON
Name of publisher, distributor, etc. FREDRICK MULLER
Date of publication, distribution, etc. 1959
300 ## - PHYSICAL DESCRIPTION
Extent 228P
942 ## - ADDED ENTRY ELEMENTS (KOHA)
Koha item type Book
Holdings
Withdrawn status Lost status Damaged status Not for loan Permanent Location Current Location Shelving location Date acquired Total Checkouts Full call number Barcode Date last seen Price effective from Koha item type
        College of Electrical & Mechanical Engineering (CEME) College of Electrical & Mechanical Engineering (CEME) General Stacks 06/09/2017   355.02 CRI'B CEME-9109 06/28/2021 06/28/2021 Book
        College of Electrical & Mechanical Engineering (CEME) College of Electrical & Mechanical Engineering (CEME) General Stacks 06/09/2017   355.02 CRI'B CEME-9111 06/28/2021 06/28/2021 Book
© 2023 Central Library, National University of Sciences and Technology. All Rights Reserved.